Na slovíčko s Milanom Čarňanským

Bibliographic Details
Main Author: Dibáková, Jana (Author)
Format: Article
Language:Slovak
PhysicalDescription:1 foto
Subjects:

MARC

LEADER 00000nab a2200000 a 4500
001 vtls001015815
003 SK-MaSNL
005 20260303042711.0
008 040720e19990412xo 0 slo
035 |a SN1767 
040 |a SNSK  |b slo  |c SNSK  |e AACR2 
041 0 |a slo 
044 |a xo  |c SK 
080 |a 82.08  |2 1981 
080 |a 885.4-3  |2 1981 
080 |a 929  |2 1981 
100 1 |a Dibáková, Jana  |4 aut  |9 1029228 
245 1 0 |a Na slovíčko s Milanom Čarňanským 
300 |b 1 foto 
590 |a Čarňanský, Milan (1959-,)  |b reg. slov. spisovateľ, 1.11.1959- 
600 1 7 |a Čarňanský, Milan,  |d 1959-   |2 SNSK  |9 101762 
650 0 7 |a pôsobenie  |2 SNSK  |9 877655 
651 7 |a Spišská Nová Ves (Slovensko)  |2 SNSK  |9 28800 
651 7 |a SN,  |2 SNSK  |9 1021277 
655 7 |a periodikum  |2 snkbucl  |9 29553 
773 0 8 |t Nové Spišské hlasy  |g Roč. 9, č.15, 12.4.1999, s. 4 
852 |a ZVYKNI  |b KIS3GCP 
999 |c 1693389  |d 1695319